000 01236nab a22002297a 4500
999 _c6224
_d6224
003 OSt
005 20260126013847.0
008 190514b xxu||||| |||| 00| 0 spa d
040 _cPJ
100 _96946
_aPereyra, Florencia
245 1 0 _aViolencia de género en el ámbito institucional de la Iglesia católica :
_bun fenómeno reiterado, una sentencia histórica /
_cFlorencia Pereyra, Emiliano Capogrossi.
300 _ap. 226-231
500 _aCita: TR LALEY AR/DOC/2121/2024.
505 _aSumario: I. Palabras preliminares.— II. El caso.— III. Los argumentos del tribunal.— IV. Conclusión.
505 _tFallo comentado: JViol. Fliar y de Género Nro. 3, Salta ~ 03/04/2024 ~ Monasterio San Bernardo de Carmelitas Descalzas c. Cargnello, Mario Antonio; De Elizalde, Martín; Ajaya, Lucio Francisco; Pinto y de Sancristóval, Loyola s/ violencia de género.
650 0 _9967
_aDERECHO DE FAMILIA
650 0 _93053
_aVIOLENCIA DE GÉNERO
650 0 _91057
_aJURISPRUDENCIA APLICABLE
700 _96945
_aSquizzato, Susana M.
773 0 _02844
_93222
_dBuenos Aires : AbeledoPerrot, 1989-
_tDerecho de familia. Revista Interdisciplinaria de doctrina y jurisprudencia. Octubre 2024-V.
_z18511201
942 _2udc
_cANA